000 00815nam a22002057a 4500
003 OSt
005 20260312002530.0
008 260312b |||||||| |||| 00| 0 eng d
020 _a978-0-385-75233-6
040 _aDWCL GS lib
_cOC
082 _aG716t 2011
100 _aGOURLAY, CANDY
245 _aTall story
_cCandy Gourlay
300 _a269 p
_c19cm
520 _aAndi, a basketball-obsessed girl in London, and her long-lost half-brother, Bernardo, an 8-foot-tall teenager with gigantism from the Philippines.
650 _acontemporary young adult novel that blends Philippine folklore with a modern story of immigration and family
650 _aaccepting one's uniqueness, overcoming cultural transitions, and finding strength in family connections.
700 _aCandy Gourlay
942 _2ddc
_cFIC.
_n0
999 _c8968
_d8968